000 01244nam a22002657a 4500
005 20210325191656.0
008 s2541 th tha d
020 _a9743318046
041 _atha
090 _aว KD51/2540 ว345ส 2541
100 0 _aวลัยมาศ แก้วศรชัย
245 1 0 _aสภาร่างรัฐธรรมนูญกับการร่างรัฐธรรมนูญตามแนวรัฐธรรมนูญนิยม
246 _a\The \\constitution drafting assembly and the constitution drafting under constitutionalism
260 3 _aม.ป.ท. :
_bจุฬาลงกรณ์มหาวิทยาลัย,
_c2541
300 _a325 หน้า ;
_b 30 ซม.
650 0 4 _aกฎหมาย -- วิทยานิพนธ์
650 0 4 _aการร่างรัฐธรรมนูญ
650 0 4 _aรัฐธรรมนูญ -- ไทย -- 2540 -- การวิเคราะห์
650 0 4 _aรัฐธรรมนูญนิยม
650 0 4 _aสภาร่างรัฐธรรมนูญ
850 _aNALT
942 _cRSH
997 _c000000000029202
_kVC
998 _aPRATHANA
999 _c29202
_d29202